000 00336nam a22001457a 4500
020 _qPB.
040 _cFIZZA ISHAQ
082 _a005.745
_bPHI
100 _aERIC,A PHILP.
_989350
245 _aPRINCIPAL OF TRANSACTION /
_cPHILP A.ERIC.
250 _a2nd ED.
260 _aNEW YORK ;
_c2009.
300 _a377 P. ;
942 _2ddc
_cBK
999 _c588118
_d588118